Dôraz na správne informácie. 1
Nedostatky v systéme riadenia akosti (SRA) v organizáciách preverovaných certifikačným alebo kontrolným auditom vyplývajúce z neinformovanosti alebo nedotiahnutia do dôsledku požiadaviek noriem ISO 9000-9004. Zodpovednosť vedenia, dokumentácia SRA, preskúmanie zmluvy, operatívne riadenie tvorby návr...
Guardado en:
| Autor principal: | |
|---|---|
| Formato: | Capítulo de libro |
| Lenguaje: | eslovaco |
| Materias: | |
| Etiquetas: |
Sin Etiquetas, Sea el primero en etiquetar este registro!
|
MARC
| LEADER | 00000naa a2200000 4500 | ||
|---|---|---|---|
| 001 | r024583 | ||
| 005 | 20221213113341.2 | ||
| 041 | 0 | |a slo | |
| 044 | |a SK | ||
| 245 | 1 | 0 | |a Dôraz na správne informácie. 1 |c P. Frischer |
| 520 | |a Nedostatky v systéme riadenia akosti (SRA) v organizáciách preverovaných certifikačným alebo kontrolným auditom vyplývajúce z neinformovanosti alebo nedotiahnutia do dôsledku požiadaviek noriem ISO 9000-9004. Zodpovednosť vedenia, dokumentácia SRA, preskúmanie zmluvy, operatívne riadenie tvorby návrhu a dokumentácie. Zásobovanie, výrobky dodané odberateľom, ich identifikovateľnosť a nadväznosť. Operatívne riadenie výrobného procesu, kontrola a skúšanie. Kontrolné meracie a skúšobné zariadenia, stav po kontrole a skúškach. Operatívne riadenie nezhodných výrobkov. Nápravné opatrenia. | ||
| 610 | 2 | 0 | |a kvalita výrobkov |
| 610 | 2 | 0 | |a riadenie kvality |
| 610 | 2 | 0 | |a ISO 9000 |
| 610 | 2 | 0 | |a ISO 9001 |
| 610 | 2 | 0 | |a audítorstvo |
| 610 | 2 | 0 | |a informácie |
| 610 | 2 | 0 | |a certifikácia |
| 610 | 2 | 0 | |a dokumentácia |
| 100 | 1 | |a Frischer, P. | |